Administration of education in West Bengal (Record no. 1356177)

MARC details
000 -LEADER
fixed length control field 00712nam a2200205Ia 4500
005 - DATE AND TIME OF LATEST TRANSACTION
control field 20250508155335.0
008 - FIXED-LENGTH DATA ELEMENTS--GENERAL INFORMATION
fixed length control field 008 250505s9999 xx 000 0 eng d
037 ## - SOURCE OF ACQUISITION
Stock number Textual
040 ## - CATALOGING SOURCE
Original cataloging agency FEDL
Language of cataloging eng
Transcribing agency FEDL
041 ## - LANGUAGE CODE
Language code of text/sound track or separate title eng
Source of code eng
084 ## - COLON CLASSIFICATION NUMBER
Classification number 371.2095414, NCE
Assigning agency FEDL
100 ## - MAIN ENTRY--PERSONAL NAME
Personal name Mukerji S N Ed.
9 (RLIN) 139415
245 #0 - TITLE STATEMENT
Title Administration of education in West Bengal
245 #0 - TITLE STATEMENT
Statement of responsibility, etc. National Institute of Education. Department of Educational Administration
260 ## - PUBLICATION, DISTRIBUTION, ETC.
Place of publication, distribution, etc. New Delhi, India
Name of publisher, distributor, etc. National Institute of Education
Date of publication, distribution, etc. 1968
300 ## - PHYSICAL DESCRIPTION
Extent 31p.
546 ## - LANGUAGE NOTE
Language note Studies in the state systems of educational administration
942 ## - ADDED ENTRY ELEMENTS (KOHA)
Koha item type Textual
Classification part 371.2095414, NCE
Holdings
Withdrawn status Lost status Damaged status Not for loan Home library Current library Date acquired Total Checkouts Full call number Barcode Date last seen Price effective from Koha item type
        Department of Education Library Department of Education Library 2025-05-08   371.2095414, NCE EL0041209 2025-05-08 2025-05-08 Textual
Copyright @ Delhi University Library System